Echoes from Freire for a critically engaged pedagogy
Uloženo v:
| Hlavní autor: | |
|---|---|
| Médium: | Kniha |
| Jazyk: | angličtina |
| Vydáno: |
Bloomsbury Academic
2013
|
| Tagy: |
Přidat tag
Žádné tagy, Buďte první, kdo vytvoří štítek k tomuto záznamu!
|
MARC
| LEADER | 00000nam a22000007a 4500 | ||
|---|---|---|---|
| 008 | 210906b ||||| |||| 00| 0 eng d | ||
| 020 | |a 9781441118172 | ||
| 100 | |a MAYO, Peter | ||
| 245 | |a Echoes from Freire for a critically engaged pedagogy |c Peter Mayo |e Critical pedagogy today series |g ix, 197p. | ||
| 260 | |b Bloomsbury Academic |c 2013 |h New York |i 696960 |i 696961 |l LC196.M45 |m Freire, Paulo, 1921-1997-Influence |m Critical pedagogy |m Social justice and education | ||
| 500 | |a It includes bibliography and index | ||
| 942 | |a lcc |c BK |e Kuteyi, M. A. |f 6/9/2021 | ||
| 952 | |0 0 |1 0 |2 lcc |4 0 |6 LC0196 M45 |7 0 |9 3393 |a HOL |b HOL |c LP |d 2021-09-06 |l 0 |o LC196.M45 |p 2021-67101 |r 2021-09-06 00:00:00 |w 2021-09-06 |y BK | ||
| 952 | |0 0 |1 0 |2 lcc |4 0 |6 LC0196 M45 |7 0 |9 3394 |a HOL |b ED |c LP |d 2021-09-06 |l 0 |o LC196.M45 |p 2021-67102 |r 2021-09-06 00:00:00 |w 2021-09-06 |y BK | ||
| 999 | |c 1688 |d 1688 | ||